00629nam a2200193 a 450000500170000000800410001701000140005802000110007203500130008303700150009604000180011108200140012910000170014324500880016026000490024827000910029730000280038870000190041620090727113643.0040527s2005 nyu b 001 0 eng  aENG-94568 c220.00 aEN-78101 bDBAD / PUB adplbEnglish  a570.15195 aArora, P.N.  aStatistical methods and computer applications /cby P.N. Arora [and] N. Guruprasad  aNew Delhi bHimalaya Publishing House c2009 bNew Delhi e110002aPooja Apartments, 4-B, Murari Lal Street, Ansari Road, Daryaganj,  avii, 151p. c25cm(pbk)  aGuruprasad N.